Music Quiz

Random Music or Country Quiz

Name the Taylor Swift song?! Quiz Stats

Quiz not verified by Sporcle

Challenge
Share
Tweet
Embed
Score 0/67 Timer 10:00
0 Plays Today
Hint Answer % Correct
Red (2012)Red
92.2%
Taylor Swift (2006)Tim McGraw
88.3%
1989 (2014)Blank Space
88.3%
Fearless (2008)Fearless
87%
Speak Now (2010)Speak Now
87%
Taylor Swift (2006)Our Song
84.4%
Fearless (2008)Love Story
84.4%
Speak Now (2010)Mine
83.1%
Taylor Swift (2006)Teardrops On My Guitar
79.2%
1989 (2014)Shake It Off
79.2%
Speak Now (2010)Sparks Fly
77.9%
Speak Now (2010)Back To December
77.9%
1989 (2014)Style
77.9%
Taylor Swift (2006)Picture To Burn
76.6%
1989 (2014)Bad Blood
76.6%
Red (2012)I Knew You Were Trouble
75.3%
1989 (2014)Welcome To New York
75.3%
Fearless (2008)Fifteen
74%
Speak Now (2010)Dear John
74%
Speak Now (2010)Mean
74%
Red (2012)22
74%
Red (2012)Begin Again
74%
Fearless (2008)You Belong With Me
72.7%
Red (2012)We Are Never Ever Getting Back Together
72.7%
1989 (2014)Out Of The Woods
72.7%
1989 (2014)Wildest Dreams
72.7%
Taylor Swift (2006)Should've Said No
71.4%
Fearless (2008)White Horse
70.1%
1989 (2014)Clean
70.1%
Speak Now (2010)Innocent
68.8%
1989 (2014)I Know Places
68.8%
Red (2012)Starlight
67.5%
1989 (2014)How You Get The Girl
67.5%
Fearless (2008)Hey Stephen
66.2%
Hint Answer % Correct
Fearless (2008)The Best Day
66.2%
Speak Now (2010)Enchanted
66.2%
Speak Now (2010)Haunted
66.2%
Red (2012)State Of Grace
66.2%
Red (2012)All Too Well
66.2%
1989 (2014)All You Had To Do Was Stay
66.2%
Taylor Swift (2006)Cold As You
64.9%
Speak Now (2010)The Story Of Us
64.9%
Speak Now (2010)Better Than Revenge
64.9%
Speak Now (2010)Long Live
64.9%
Red (2012)I Almost Do
64.9%
Red (2012)The Last Time
64.9%
Red (2012)Holy Ground
64.9%
1989 (2014)This Love
64.9%
Taylor Swift (2006)The Outside
63.6%
Red (2012)Stay Stay Stay
63.6%
Red (2012)Sad Beautiful Tragic
63.6%
Taylor Swift (2006)A Place In This World
62.3%
Speak Now (2010)Last Kiss
62.3%
1989 (2014)I Wish You Would
62.3%
Taylor Swift (2006)Tied Together With A Smile
61%
Red (2012)Treacherous
61%
Red (2012)Everything Has Changed
61%
Speak Now (2010)Never Grow Up
59.7%
Fearless (2008)Change
58.4%
Red (2012)The Lucky One
58.4%
Fearless (2008)Tell Me Why
57.1%
Taylor Swift (2006)Stay Beautiful
55.8%
Fearless (2008)Breathe
55.8%
Fearless (2008)You're Not Sorry
54.5%
Fearless (2008)The Way I Loved You
54.5%
Fearless (2008)Forever & Always
54.5%
Taylor Swift (2006)Mary's Song ( Oh My My My )
41.6%

You're not logged in!

Compare scores with friends on all Sporcle quizzes.
Sign Up with Email
OR
Log In

You Might Also Like...

Show Comments

Extras

Top Quizzes Today


Score Distribution

Your Account Isn't Verified!

In order to create a playlist on Sporcle, you need to verify the email address you used during registration. Go to your Sporcle Settings to finish the process.